FOODS in Spanish - Statistics

General Stats
  • This quiz has been taken 636 times
  • The average score is 19 of 24
Answer Stats
Hint Answer % Correct
pan bread
96%
queso cheese
95%
pollo chicken
95%
tomate tomato
95%
Hamburguesa hamburger
94%
manzana apple
93%
naranja orange
93%
pescado fish
92%
arroz rice
90%
huevo egg
88%
jugo juice
87%
el té tea
86%
maíz corn
82%
El desayuno breakfast
75%
frijoles beans
74%
La cena dinner
74%
El almuerzo lunch
74%
uva grape
68%
carne de vaca beef
65%
food comida
63%
pastel cake
62%
Papa frita french fries
61%
zanahoria carrot
60%
galleta cookie
57%
No matching quizzes found
Score Distribution
Percent of People with Each Score
Percentile by Number Answered
Your Score History
You have not taken this quiz